| 000 | 00623pam a2200205 i 4500 | ||
|---|---|---|---|
| 001 | 410513 | ||
| 005 | 20241114171459.0 | ||
| 008 | 801016s1981 orua 000 0 eng | ||
| 020 | _a0930014553 | ||
| 050 | 0 | 0 |
_aHQ536 _b.H46 |
| 082 | 0 | 0 |
_a306.8 _219 |
| 100 | 1 | _aHendricks, Howard G. | |
| 245 | 1 | 0 |
_aFootprints : _bwalking through the passages of life / _cHoward & Jeanne Hendricks. |
| 260 |
_aPortland, Or. : _bMultnomah Press, _cc1981. |
||
| 300 |
_a95 p. : _bill. ; _c22 cm. |
||
| 650 | 0 |
_aMarriage _zUnited States. |
|
| 650 | 0 | _aLife cycle, Human. | |
| 700 | 1 |
_aHendricks, Jeanne W., _ejoint author. |
|
| 942 |
_2lcc _cBK _n0 |
||
| 999 |
_c1217 _d1217 |
||